| 000 | 00578nam a22001817a 4500 | ||
|---|---|---|---|
| 003 | CEME | ||
| 005 | 20210628210157.0 | ||
| 008 | 210215b xxu||||| |||| 00| 0 eng d | ||
| 020 | _a0-89006-957-3 | ||
| 040 | _c. | ||
| 082 | _a621.38456 RED | ||
| 100 |
_aOliphant, Malcolm.W Redl, Siegmund.M Weber, Matthias.K _978390 |
||
| 245 | _aGsm and personal communication handbook | ||
| 260 |
_aBOSTON _bARTECH HOUSE _c1998 |
||
| 300 | _a520P | ||
| 650 |
_aMOBILE COMMUNICATION PERSONAL COMMUNICATION SERVICE SYSTEMS GLOBAL SYSTEM FOR MOBILE COMMUNICATION _978391 |
||
| 942 |
_cBK _2ddc |
||
| 999 |
_c583517 _d583517 |
||